| 000 | 003570000a22001570004500 | ||
|---|---|---|---|
| 001 | 001020 | ||
| 003 | MACL | ||
| 040 | _aMACL | ||
| 090 |
_c1020 _d1020 |
||
| 100 | _aPadmanaban, A.M. | ||
| 245 |
_aFinger Print is a Replica of Religion and God _cA.M. Padmanaban |
||
| 260 |
_aAdyar Students, _c2000 |
||
| 350 | _a50 | ||
| 650 | _aReligion | ||
| 942 |
_k212 _cBook |
||
| 999 |
_c1016 _d1016 |
||